=LDR 00000nam 2200000 4500 =001 INLIS000000000034345 =005 20200220125336 =035 ##$$a 0010-061300000034345 =008 200220################g##########0#ind## =041 ##$$a ind =082 ##$$a 174.4 =090 ##$$a 174.4, Sug a =100 ##$$a Sugiharto, Rindang =245 1#$$a Akhlak manusia sebagai dasar berwirausaha /$c Ir. Rindang Sugiharto ; editor, Agus fahmi =260 ##$$a Bandung :$b Nuansa,$c 2007 =300 ##$$a 100 hlm. : $b ilus. ; $c 15 x 20 cm =650 #4$$a Etika Bisnis =700 #$$a Fahmi, Agus =850 ##$$a NBPNMAT =020 ##$$a 979-948-96-1 =084 ##$$a 174.4 SUG a =250 ##$$a Cet. 1 =990 ##$$a 21007509 =990 ##$$a 21007511 =990 ##$$a 21007512